Fundamental principles of fiber reinforced composites / (Record no. 823)
[ view plain ]
| 000 -LEADER | |
|---|---|
| fixed length control field | 00342 a2200109 4500 |
| 020 ## - INTERNATIONAL STANDARD BOOK NUMBER | |
| International Standard Book Number | 0877625972 |
| 082 ## - DEWEY DECIMAL CLASSIFICATION NUMBER | |
| Classification number | 620.118 ASH |
| 100 ## - MAIN ENTRY--PERSONAL NAME | |
| Personal name | Ashbee, K. H. G. |
| 245 ## - TITLE STATEMENT | |
| Title | Fundamental principles of fiber reinforced composites / |
| Statement of responsibility, etc. | K.H.G. Ashbee. |
| 260 ## - PUBLICATION, DISTRIBUTION, ETC. | |
| Place of publication, distribution, etc. | Lancaster : |
| Name of publisher, distributor, etc. | Technomic Pub. Co., |
| Date of publication, distribution, etc. | c1989. |
| 300 ## - PHYSICAL DESCRIPTION | |
| Extent | xiii, 372 p. : |
| Other physical details | ill. ; |
| Dimensions | 24 cm. |
| 650 ## - SUBJECT ADDED ENTRY--TOPICAL TERM | |
| Topical term or geographic name entry element | Fibrous composites. |
| Withdrawn status | Lost status | Damaged status | Not for loan | Permanent Location | Current Location | Shelving location | Date acquired | Total Checkouts | Full call number | Barcode | Date last seen | Price effective from | Koha item type |
|---|---|---|---|---|---|---|---|---|---|---|---|---|---|
| School of Civil and Environmental Engineering (SCEE) | School of Civil and Environmental Engineering (SCEE) | 620.118 ASH | NIT-488 | 01/05/2017 | 01/05/2017 | Book |
